|
|
|
|
| LEADER |
00000nam0a2200000 4500 |
| 001 |
370715 |
| 005 |
20231102012316.0 |
| 035 |
|
|
|a (RuTPU)RU\TPU\retro\28124
|
| 090 |
|
|
|a 370715
|
| 100 |
|
|
|a 20220727d1978 km y0rusy50 ca
|
| 101 |
0 |
|
|a rus
|
| 102 |
|
|
|a AZ
|
| 105 |
|
|
|a a z 001zy
|
| 200 |
1 |
|
|a Радиация в физике и химии
|h Вып. 1
|f Академия наук Азербайджанской ССР, Сектор радиационных исследований
|
| 210 |
|
|
|a Баку
|c Элм
|d 1978
|
| 215 |
|
|
|a 92 с.
|c ил.
|
| 320 |
|
|
|a Библиогр.: с. 90
|
| 606 |
1 |
|
|a Радиоактивность
|2 stltpush
|3 (RuTPU)RU\TPU\subj\22349
|9 47123
|
| 606 |
1 |
|
|a Ядерная химия
|2 stltpush
|3 (RuTPU)RU\TPU\subj\21568
|9 46532
|
| 610 |
1 |
|
|a физика
|
| 610 |
1 |
|
|a радиация
|
| 610 |
1 |
|
|a полимеры
|
| 610 |
1 |
|
|a электрический разряд
|
| 610 |
1 |
|
|a структурные изменения
|
| 610 |
1 |
|
|a полиэтиленовые пленки
|
| 610 |
1 |
|
|a электрическое старение
|
| 610 |
1 |
|
|a дериватографический метод
|
| 610 |
1 |
|
|a диэлектрики
|
| 610 |
1 |
|
|a воздушные зазоры
|
| 610 |
1 |
|
|a разряды
|
| 610 |
1 |
|
|a стеклопластиковые трубы
|
| 610 |
1 |
|
|a электрические свойства
|
| 610 |
1 |
|
|a изменение
|
| 610 |
1 |
|
|a германий
|
| 610 |
1 |
|
|a облучение электронами
|
| 610 |
1 |
|
|a светочувствительность
|
| 610 |
1 |
|
|a дихлорэтан
|
| 610 |
1 |
|
|a высокотемпературный радиолиз
|
| 675 |
|
|
|a 539.16
|v 4
|
| 675 |
|
|
|a 544.58
|v 4
|
| 712 |
0 |
2 |
|a Академия наук Азербайджанской ССР
|b Сектор радиационных исследований
|2 stltpush
|3 (RuTPU)RU\TPU\col\7903
|
| 801 |
|
1 |
|a RU
|b 63413507
|c 20220727
|
| 942 |
|
|
|c BK
|